David Bowie: Albums by Cover - Statistics

General Stats
  • This quiz has been taken 118 times
  • The average score is 18 of 27
Answer Stats
Picture Hint Answer % Correct
1972 The Rise and Fall of Ziggy Stardust and the Spiders from Mars
96%
1977 "Heroes"
92%
1973 Aladdin Sane
90%
1971 Hunky Dory
90%
1967 David Bowie
89%
1974 Diamond Dogs
89%
1969 David Bowie | Space Oddity
87%
2016 Blackstar
85%
1983 Let's Dance
81%
1970 The Man Who Sold the World
80%
1977 Low
76%
1975 Young Americans
73%
1976 Station to Station
72%
1973 Pin Ups
70%
1980 Scary Monsters (and Super Creeps)
70%
1979 Lodger
62%
2002 Heathen
54%
1995 Outside
48%
1984 Tonight
47%
2013 The Next Day
46%
1997 Earthling
45%
2003 Reality
40%
1993 Black Tie White Noise
39%
1987 Never Let Me Down
38%
1999 Hours
37%
2021 Toy
33%
1993 The Buddha of Suburbia
32%
No matching quizzes found
Score Distribution
Percent of People with Each Score
Percentile by Number Answered
Your Score History
You have not taken this quiz